Top XIs: Portugal (1977-2023) - Statistics

General Stats
  • This quiz has been taken 916 times
    888 since last reset
  • The average score is 196 of 500
Answer Stats
Hint Position Answer % Correct
2004 ST Cristiano Ronaldo
100%
2005 ST Cristiano Ronaldo
100%
2006 ST Cristiano Ronaldo
100%
2007 ST Cristiano Ronaldo
100%
2008 ST Cristiano Ronaldo
100%
2009 ST Cristiano Ronaldo
100%
2010 ST Cristiano Ronaldo
100%
2011 ST Cristiano Ronaldo
100%
2012 ST Cristiano Ronaldo
100%
2013 ST Cristiano Ronaldo
100%
2014 ST Cristiano Ronaldo
100%
2015 ST Cristiano Ronaldo
100%
2016 ST Cristiano Ronaldo
100%
2017 CC ST Cristiano Ronaldo
100%
2018 ST Cristiano Ronaldo
100%
2019 ST Cristiano Ronaldo
100%
2020 EURO ST Cristiano Ronaldo
100%
2021 ST Cristiano Ronaldo
100%
2022 LN ST Cristiano Ronaldo
100%
2008 DF Pepe
93%
2009 MF Pepe
93%
2011 DF Pepe
93%
2012 DF Pepe
93%
2013 DF Pepe
93%
2016 DF Pepe
93%
2017 CC DF Pepe
93%
2018 DF Pepe
93%
2018 LN DF Pepe
93%
2020 DF Pepe
93%
2020 EURO DF Pepe
93%
2021 DF Pepe
93%
2022 LN DF Pepe
93%
2022 WC DF Pepe
93%
2023 DF Pepe
93%
2017 CC MF Adrien Silva
91%
2018 MF Adrien Silva
91%
2004 DF Ricardo Carvalho
87%
2005 DF Ricardo Carvalho
87%
2006 DF Ricardo Carvalho
87%
2008 DF Ricardo Carvalho
87%
2009 DF Ricardo Carvalho
87%
2010 DF Ricardo Carvalho
87%
2015 DF Ricardo Carvalho
87%
1992 MF Luís Figo
86%
1994 MF Luís Figo
86%
1995 MF Luís Figo
86%
1996 MF Luís Figo
86%
1997 MF Luís Figo
86%
1998 MF Luís Figo
86%
1999 MF Luís Figo
86%
2000 MF Luis Figo
86%
2001 MF Luis Figo
86%
2002 MF Luis Figo
86%
2003 MF Luis Figo
86%
2004 MF Luis Figo
86%
2005 MF Luis Figo
86%
2006 MF Luis Figo
86%
2011 MF Nani
84%
2012 MF Nani
84%
2013 MF Nani
84%
2014 MF Nani
84%
2015 MF Nani
84%
2016 MF Nani
84%
2019 MF Bruno Fernandes
81%
2020 MF Bruno Fernandes
81%
2020 EURO MF Bruno Fernandes
81%
2021 MF Bruno Fernandes
81%
2022 LN MF Bruno Fernandes
81%
2022 WC MF Bruno Fernandes
81%
2023 MF Bruno Fernandes
81%
2018 LN DF Rúben Dias
80%
2019 DF Rúben Dias
80%
2020 DF Rúben Dias
80%
2020 EURO DF Rúben Dias
80%
2021 DF Rúben Dias
80%
2022 WC DF Rúben Dias
80%
2023 DF Rúben Dias
80%
2004 MF Deco
78%
2005 MF Deco
78%
2007 MF Deco
78%
2008 MF Deco
78%
2009 MF Deco
78%
2020 ST João Félix
77%
2022 WC ST João Félix
77%
2023 ST João Félix
77%
1978 MF José Costa
76%
1979 MF José Costa
76%
1980 MF José Costa
76%
1981 MF José Costa
76%
2007 MF Ricardo Quaresma
76%
2016 MF Ricardo Quaresma
76%
2017 CC MF Ricardo Quaresma
76%
2018 LN DF João Cancelo
75%
2020 DF João Cancelo
75%
2021 DF João Cancelo
75%
2022 LN DF João Cancelo
75%
2008 MF João Moutinho
75%
2011 MF João Moutinho
75%
2012 MF João Moutinho
75%
2013 MF João Moutinho
75%
2014 MF João Moutinho
75%
2015 MF João Moutinho
75%
2020 MF João Moutinho
75%
2018 MF Bernardo Silva
74%
2018 LN MF Bernardo Silva
74%
2019 MF Bernardo Silva
74%
2020 MF Bernardo Silva
74%
2020 EURO MF Bernardo Silva
74%
2021 MF Bernardo Silva
74%
2022 LN MF Bernardo Silva
74%
2022 WC MF Bernardo Silva
74%
2023 MF Bernardo Silva
74%
2015 MF Danilo Pereira
71%
2010 DF Fábio Coentrão
71%
2011 DF Fábio Coentrão
71%
2012 DF Fábio Coentrão
71%
2013 DF Fábio Coentrão
71%
2014 DF Fábio Coentrão
71%
2016 DF Raphaël Guerreiro
67%
2018 DF Raphaël Guerreiro
67%
2019 DF Raphaël Guerreiro
67%
2020 DF Raphaël Guerreiro
67%
2020 EURO DF Raphaël Guerreiro
67%
2022 WC DF Raphaël Guerreiro
67%
2014 ST Éder
63%
2001 ST Pauleta
63%
2002 ST Pauleta
63%
2003 ST Pauleta
63%
2004 ST Pauleta
63%
2005 ST Pauleta
63%
2006 ST Pauleta
63%
2022 LN ST Rafael Leão
63%
2023 ST Rafael Leão
63%
1983 DF António Lima Pereira
62%
1984 DF António Lima Pereira
62%
1985 DF António Lima Pereira
62%
2020 ST Diogo Jota
61%
2020 EURO ST Diogo Jota
61%
2021 ST Diogo Jota
61%
2022 WC ST Gonçalo Ramos
61%
2016 MF Renato Sanches
61%
2020 EURO MF Renato Sanches
61%
2016 DF José Fonte
59%
2017 CC DF José Fonte
59%
2018 DF José Fonte
59%
2019 DF José Fonte
59%
2018 LN MF Rúben Neves
59%
2019 MF Rúben Neves
59%
2022 LN MF Rúben Neves
59%
2022 WC MF Rúben Neves
59%
2023 MF Rúben Neves
59%
1988 DF Alves
56%
2005 DF Paulo Ferreira
55%
2007 DF Paulo Ferreira
55%
2008 DF Paulo Ferreira
55%
2022 WC DF Diogo Dalot
54%
2023 DF Diogo Dalot
54%
2016 MF João Mário
52%
2018 MF João Mário
52%
2018 LN DF Mário Rui
52%
2019 DF Nélson Semedo
52%
2020 EURO DF Nélson Semedo
52%
1990 MF José Semedo
51%
1993 MF José Semedo
51%
2009 MF Raúl Meireles
50%
2010 MF Raúl Meireles
50%
2011 MF Raúl Meireles
50%
2012 MF Raúl Meireles
50%
2013 MF Raúl Meireles
50%
2014 MF Raúl Meireles
50%
2011 ST Hélder Postiga
49%
2012 ST Hélder Postiga
49%
2013 ST Hélder Postiga
49%
2016 DF Cédric Soares
47%
2017 CC DF Cédric Soares
47%
2018 DF Cédric Soares
47%
2003 MF Maniche
47%
2004 MF Maniche
47%
2005 MF Maniche
47%
2006 MF Maniche
47%
2007 MF Maniche
47%
2008 DF José Bosingwa
43%
2009 DF José Bosingwa
43%
2007 MF Tiago
43%
2010 MF Tiago
43%
2015 MF Tiago
43%
2020 MF Danilo Pereira
40%
2020 EURO MF Danilo Pereira
40%
2021 MF Danilo Pereira
40%
2022 LN DF Danilo Pereira
40%
2006 MF Simão
40%
2008 MF Simão
40%
2009 MF Simão
40%
2010 MF Simão
40%
1985 MF António André
39%
1986 MF António André
39%
1987 MF António André
39%
1989 MF António André
39%
1990 MF António André
39%
1992 DF Fernando Couto
39%
1993 DF Fernando Couto
39%
1995 DF Fernando Couto
39%
1996 DF Fernando Couto
39%
1997 DF Fernando Couto
39%
1998 DF Fernando Couto
39%
1999 DF Fernando Couto
39%
2000 DF Fernando Couto
39%
2001 DF Fernando Couto
39%
2002 DF Fernando Couto
39%
2003 DF Fernando Couto
39%
2018 ST Gonçalo Guedes
39%
2019 ST Gonçalo Guedes
39%
1993 MF Rui Costa
39%
1994 MF Rui Costa
39%
1995 MF Rui Costa
39%
1996 MF Rui Costa
39%
1997 MF Rui Costa
39%
1998 MF Rui Costa
39%
1999 MF Rui Costa
39%
2000 MF Rui Costa
39%
2001 MF Rui Costa
39%
2003 MF Rui Costa
39%
2010 ST Hugo Almeida
38%
2021 MF João Palhinha
38%
1997 MF Sérgio Conceição
38%
2000 MF Sérgio Conceição
38%
2001 MF Sérgio Conceição
38%
2002 MF Sérgio Conceição
38%
2003 MF Sérgio Conceição
38%
2003 MF Costinha
37%
2004 MF Costinha
37%
2005 MF Costinha
37%
1983 DF João Pinto
37%
1984 DF João Pinto
37%
1985 DF João Pinto
37%
1989 DF João Pinto
37%
1990 DF João Pinto
37%
1991 DF João Pinto
37%
1992 DF João Pinto
37%
1993 DF João Pinto
37%
1994 DF João Pinto
37%
1994 ST João Pinto II
37%
1996 ST João Pinto II
37%
1997 ST João Pinto II
37%
1998 ST João Pinto II
37%
1999 ST João Pinto II
37%
2000 ST João Pinto II
37%
2002 ST João Pinto II
37%
2018 LN ST Rafa Silva
36%
2022 WC MF Otávio
33%
2023 MF Otávio
33%
1985 MF Paulo Futre
33%
1987 MF Paulo Futre
33%
1988 MF Paulo Futre
33%
1989 MF Paulo Futre
33%
1991 MF Paulo Futre
33%
1992 MF Paulo Futre
33%
1993 MF Paulo Futre
33%
2016 MF William Carvalho
32%
2017 CC MF William Carvalho
32%
2018 MF William Carvalho
32%
2018 LN MF William Carvalho
32%
2019 MF William Carvalho
32%
2022 LN MF William Carvalho
32%
2000 ST Nuno Gomes
31%
2008 ST Nuno Gomes
31%
2004 DF Nuno Valente
31%
2006 DF Nuno Valente
31%
2021 DF Nuno Mendes
30%
2022 LN DF Nuno Mendes
30%
2023 DF Nuno Mendes
30%
2007 DF Bruno Alves
29%
2009 DF Bruno Alves
29%
2010 DF Bruno Alves
29%
2011 DF Bruno Alves
29%
2012 DF Bruno Alves
29%
2013 DF Bruno Alves
29%
2014 DF Bruno Alves
29%
2015 DF Bruno Alves
29%
2003 DF Miguel
28%
2004 DF Miguel
28%
2006 DF Miguel
28%
2007 DF Miguel
28%
1987 DF António Veloso
27%
1989 DF António Veloso
27%
1990 DF António Veloso
27%
1991 DF António Veloso
27%
2017 CC MF André Gomes
26%
1993 DF Abel Xavier
25%
1998 DF Abel Xavier
25%
2000 DF Abel Xavier
25%
1988 MF Adelino Nunes
25%
1989 MF Adelino Nunes
25%
2004 DF Jorge Andrade
25%
2005 DF Jorge Andrade
25%
2015 DF Eliseu
24%
2017 CC DF Eliseu
24%
2001 MF Petit
24%
2002 MF Petit
24%
2006 MF Petit
24%
2007 MF Petit
24%
2008 MF Petit
24%
2001 DF Rui Jorge
24%
2002 DF Rui Jorge
24%
2003 DF Rui Jorge
24%
1993 DF Jorge Costa
22%
1995 DF Jorge Costa
22%
2000 DF Jorge Costa
22%
2001 DF Jorge Costa
22%
2002 DF Jorge Costa
22%
1994 DF Paulinho Santos
22%
1995 MF Paulinho Santos
22%
1997 DF Paulinho Santos
22%
1998 MF Paulinho Santos
22%
2017 CC ST André Silva
20%
2018 LN ST André Silva
20%
1998 MF Paulo Bento
20%
1999 MF Paulo Bento
20%
2002 MF Paulo Bento
20%
1978 MF António Oliveira
19%
1979 MF António Oliveira
19%
1982 MF António Oliveira
19%
1986 DF António Oliveira
19%
2001 DF Beto
19%
2002 DF Beto
19%
2003 DF Fernando Meira
19%
2006 DF Fernando Meira
19%
2007 DF Fernando Meira
19%
2011 MF Carlos Martins
18%
2010 MF Pedro Mendes
18%
2018 LN MF Pizzi
18%
2015 MF Danny
16%
2009 MF Liedson
16%
1991 MF Paulo Sousa
16%
1993 MF Paulo Sousa
16%
1995 MF Paulo Sousa
16%
1996 MF Paulo Sousa
16%
1997 MF Paulo Sousa
16%
1999 MF Paulo Sousa
16%
1995 DF Secretário
16%
1996 DF Secretário
16%
1999 DF Secretário
16%
2015 DF Vieirinha
15%
1995 DF Dimas
14%
1996 DF Dimas
14%
1997 DF Dimas
14%
1998 DF Dimas
14%
1999 DF Dimas
14%
2000 DF Dimas
14%
2011 DF João Pereira
14%
2012 DF João Pereira
14%
2013 DF João Pereira
14%
2014 DF João Pereira
14%
1988 MF Oceano
14%
1991 MF Oceano
14%
1992 MF Oceano
14%
1993 MF Oceano
14%
1994 MF Oceano
14%
1996 MF Oceano
14%
1997 MF Oceano
14%
1980 MF Carlos Manuel
13%
1981 MF Carlos Manuel
13%
1982 MF Carlos Manuel
13%
1983 MF Carlos Manuel
13%
1984 MF Carlos Manuel
13%
1985 MF Carlos Manuel
13%
1986 MF Carlos Manuel
13%
1978 ST Fernando Gomes
12%
1979 ST Fernando Gomes
12%
1983 ST Fernando Gomes
12%
1985 ST Fernando Gomes
12%
1986 ST Fernando Gomes
12%
1988 ST Fernando Gomes
12%
1994 DF Hélder Cristóvão
12%
1996 DF Hélder Cristóvão
12%
1997 DF Hélder Cristóvão
12%
1977 ST Manuel Fernandes
12%
1978 ST Manuel Fernandes
12%
1981 ST Manuel Fernandes
12%
1987 ST Manuel Fernandes
12%
1996 ST Ricardo Sá Pinto
12%
1998 ST Ricardo Sá Pinto
12%
1999 ST Ricardo Sá Pinto
12%
1982 DF Augusto Inácio
11%
1983 DF Augusto Inácio
11%
1985 DF Augusto Inácio
11%
1986 DF Augusto Inácio
11%
1977 MF Fernando Chalana
11%
1980 MF Fernando Chalana
11%
1983 MF Fernando Chalana
11%
1984 MF Fernando Chalana
11%
1992 DF Hélder Cristóvão
11%
1994 ST Domingos
10%
1995 ST Domingos
10%
2009 DF Duda
10%
2012 MF Miguel Veloso
10%
2013 MF Miguel Veloso
10%
2014 MF Miguel Veloso
10%
1988 MF Rui Barros
10%
1989 MF Rui Barros
10%
1990 MF Rui Barros
10%
1991 MF Rui Barros
10%
1977 ST Nené
9%
1979 ST Nené
9%
1980 ST Nené
9%
1982 ST Nené
9%
1983 ST Nené
9%
2001 ST Nuno Capucho
9%
1989 ST Rui Águas
9%
1990 ST Rui Águas
9%
1991 ST Rui Águas
9%
1980 ST Rui Jordão
8%
1981 ST Rui Jordão
8%
1984 ST Rui Jordão
8%
1988 ST Rui Jordão
8%
1977 DF Humberto Coelho
7%
1978 DF Humberto Coelho
7%
1979 DF Humberto Coelho
7%
1981 DF Humberto Coelho
7%
1982 DF Humberto Coelho
7%
1977 MF João Alves
6%
1978 MF João Alves
6%
1982 MF João Alves
6%
2000 MF José Luís Vidigal
6%
2005 DF Marco Caneira
6%
1994 DF Paulo Madeira
6%
1998 DF Paulo Madeira
6%
1999 DF Paulo Madeira
6%
1984 DF Álvaro
5%
1986 DF Álvaro
5%
1987 DF Álvaro
5%
1988 DF Álvaro
5%
1995 MF António Folha
5%
1984 MF António Sousa
5%
1986 MF António Sousa
5%
1987 MF António Sousa
5%
1980 DF Carlos Simões
5%
1981 DF Carlos Simões
5%
1992 MF Emilio Peixe
5%
1985 MF Jaime Magalhães
5%
1987 ST Jaime Magalhães
5%
1983 MF Jaime Pacheco
5%
1984 MF Jaime Pacheco
5%
1985 MF Jaime Pacheco
5%
1986 MF Jaime Pacheco
5%
1990 ST Jorge Cadete
5%
1992 ST Jorge Cadete
5%
1993 ST Jorge Cadete
5%
2010 DF Ricardo Costa
5%
2014 DF Ricardo Costa
5%
1977 MF Toni
5%
1978 DF Alberto Fonseca
4%
1979 DF Alberto Fonseca
4%
1986 MF Diamantino
4%
1977 DF Gabriel
4%
1980 DF Gabriel
4%
1981 DF Gabriel
4%
1990 DF José Leal
4%
1991 DF José Leal
4%
1992 DF José Leal
4%
1979 MF António Frasco
3%
1984 MF António Frasco
3%
1987 MF António Frasco
3%
1978 DF Artur Correia
3%
1979 DF Artur Correia
3%
1982 DF Eurico
3%
1983 DF Eurico
3%
1984 DF Eurico
3%
1985 DF Eurico
3%
1977 MF Octávio Machado
3%
1978 MF Shéu
3%
1980 MF Shéu
3%
1981 MF Shéu
3%
1982 MF Shéu
3%
1978 DF Carlos Alhinho
2%
1979 DF Carlos Alhinho
2%
1987 DF Dito
2%
1977 DF João Laranjeira
2%
1980 DF João Laranjeira
2%
1982 ST Luís Norton de Matos
2%
1980 DF Minervino Pietra
2%
1981 DF Minervino Pietra
2%
1982 DF Minervino Pietra
2%
1990 DF Pedro Venâncio
2%
1991 DF Pedro Venâncio
2%
1989 MF Vítor Paneira
2%
1990 MF Vítor Paneira
2%
1991 MF Vítor Paneira
2%
1992 MF Vítor Paneira
2%
1994 MF Vítor Paneira
2%
1988 DF António Morato
1%
1983 MF Fernando Festas
1%
1986 DF Frederico
1%
1987 DF Frederico
1%
1989 DF Frederico
1%
1988 DF Luís Sobrinho
1%
1989 DF Luís Sobrinho
1%
1979 MF Rodolfo Reis
1%
1981 MF Romeo
1%
1977 DF Alfredo Murça
0%
No matching quizzes found
Score Distribution
Percent of People with Each Score
Percentile by Number Answered
Your Score History
You have not taken this quiz since the last reset